000
00284nam a2200109Ia 4500
008
220216s9999 xx 000 0 und d
100
_a
Jayaraman T
245
0
_a
Will it be a US endgame at Copenhagen?
260
_b
Economic and Political Weekly
_c
2009
300
_a
13-15
942
_c
JS
999
_c
72437
_d
72437